Noticias sobre la llegada de la Reina Maríana de Neoburg al puerto de la Coruña

Detalles Bibliográficos
Otros Autores: Maríana de Neoburg y Baviera
Formato: Libro
Publicado: Madrid, 1690
Materias:
Colección:Banco de datos
Acervo:Biblioteca Palafoxiana. Colección de Manuscritos
Descripción Física:4 f. ; 21 x 30 cm.
Tema general:Civil
LEADER 00426nam a22001450004500
035 |a 3562 
245 1 0 |a Noticias sobre la llegada de la Reina Maríana de Neoburg al puerto de la Coruña 
260 |a Madrid, 1690 
300 |a 4 f. ; 21 x 30 cm. 
650 1 0 |a Civil 
700 1 |a Maríana de Neoburg y Baviera 
949 |a R489/043 
942 |c PALAMANU 
943 |g Biblioteca Palafoxiana. Colección de Manuscritos 
999 |c 1071507  |d 1071507